<The> EU's Eastern Partnership and the way forward after Riga
Vplyv samitu Východného partnerstva v novembri 2013 vo Vilniuse na Ukrajinu a východnú Európu. Samit v Rige: Východné partnerstvo ako rukojemník v geopolitickej hre medzi EÚ a Ruskom. Hrozby a výzvy pre Východné partnerstvo EÚ.
Na minha lista:
| Autor principal: | |
|---|---|
| Formato: | Capítulo de Livro |
| Idioma: | inglês |
| Assuntos: | |
| Tags: |
Sem tags, seja o primeiro a adicionar uma tag!
|
MARC
| LEADER | 00000naa$a2200000$$$4500 | ||
|---|---|---|---|
| 001 | 0210077 | ||
| 005 | 20231208105902.9 | ||
| 041 | 0 | |a eng | |
| 044 | |a SK | ||
| 245 | 1 | 0 | |a <The> EU's Eastern Partnership and the way forward after Riga |c Tomasz Stępniewski |
| 520 | |a Vplyv samitu Východného partnerstva v novembri 2013 vo Vilniuse na Ukrajinu a východnú Európu. Samit v Rige: Východné partnerstvo ako rukojemník v geopolitickej hre medzi EÚ a Ruskom. Hrozby a výzvy pre Východné partnerstvo EÚ. | ||
| 610 | 2 | 0 | |a dohody asociačné |
| 610 | 2 | 0 | |a vzťahy medzinárodné |
| 610 | 2 | 0 | |a Rusko |
| 610 | 2 | 0 | |a Ukrajina |
| 610 | 2 | 0 | |a Európska únia |
| 100 | 1 | |a Stępniewski, Tomasz | |